000 00437 a2200157 4500
003 OSt
005 20240112111935.0
008 240112b |||||||| |||| 00| 0 eng d
040 _coclc
082 _a297
_bSUL/M
100 _aSullami, Abdul Haque
_910251
245 _aMadeenayum masjidunnabaviyum /
_cAbdul Haq Sullami
260 _aKerala:
_bKNM,
300 _a221p
942 _2ddc
_cBK
_h297
_iSUL/M
_k297
_mSUL/M
999 _c43171
_d43171